Normal view
MARC view
Entry Personal Name
001 - CONTROL NUMBER
- control field: 18858
003 - CONTROL NUMBER IDENTIFIER
- control field: HDC
005 - DATE AND TIME OF LATEST TRANSACTION
- control field: 20230624073538.0
008 - FIXED-LENGTH DATA ELEMENTS
- fixed length control field: 210308|| aca||aabn | a|a d
040 ## - CATALOGING SOURCE
- Original cataloging agency: HDC
- Transcribing agency: HDC
100 ## - HEADING--PERSONAL NAME
- Personal name: Carly Nairn
670 ## - SOURCE DATA FOUND
- Source citation: Work cat.: (HDC): Carly Nairn / author, Centralia shop in US specializes in processing Islamic food /
